000 00773nam a22002172 4500
001 0000007182
005 20151217152025.0
008 071127s xx 000 0 eng d
020 _a023001935 :
_cKES 2925
040 _aKABU
_cKABU
245 1 0 _aSearching for the human in human resource management :
_btheory, practice and workplace contexts /
_ced. by Sharon C. Bolton and Maeve Houlihan.
260 _aBasingstoke, England :
_bPalgrave Macmillan,
_c2007.
300 _axv, 315 p.
650 0 _aPersonnel management.
_@0000150761
700 1 _aBolton, Sharon C.
_@0000158273
700 1 _aHoulihan, Maeve.
_@0000158274
908 _a071127
950 _@1
999 _c7430
_d7430